000
00279nam a2200109Ia 4500
008
220204s9999 xx 000 0 und d
082
_a
658.3
_b
PER
245
0
_a
Personnel management. Pt 1-3
260
_a
USA
_b
Harward College
_c
1951
650
_a
Personnel management
942
_c
BK
999
_c
37244
_d
37244